Smart globalization : designing global strategies,creating global networks.

Bibliographic Details
Other Authors: Gupta,, Weatney,
Format: Book
Published: Hoboken: John Wiley & Sons, 2003.
Edition:1st ed.
Subjects:
LEADER 00557cam a2200169 7i4500
001 0000020979
005 20080328090000.0
020 0 0 |a 0-7879-6532-4  
090 0 0 |a B 658.049   |b SMA 
245 0 0 |a Smart globalization :   |b designing global strategies,creating global networks. 
250 0 0 |a 1st ed. 
260 0 0 |a Hoboken:   |b John Wiley & Sons,   |c 2003. 
300 # # |a 360 p. 
650 0 0 |a International business enterprises --   |x Management Globalization  
700 2 1 |a Gupta,   |h Anil K  
700 2 1 |a Weatney,   |h D.Eleanor  
999 |a B000022085  |b Book  |c Book  |e Business Information Centre